Normal view
MARC view
- القضاة،زكريا محمد ، مروان ابراهيم القيسي ، محمد العمري
Entry Personal Name
001 - CONTROL NUMBER
- control field: 41241
003 - CONTROL NUMBER IDENTIFIER
- control field: JO-AjAnu
005 - DATE AND TIME OF LATEST TRANSACTION
- control field: 20230606080842.0
008 - FIXED-LENGTH DATA ELEMENTS
- fixed length control field: 230606|| aca||aabn | a|a d
040 ## - CATALOGING SOURCE
- Original cataloging agency: JO-AjAnu
- Transcribing agency: JO-AjAnu
100 ## - HEADING--PERSONAL NAME
- Personal name: القضاة،زكريا محمد ، مروان ابراهيم القيسي ، محمد العمري
670 ## - SOURCE DATA FOUND
- Source citation: Work cat.: (JO-AjAnu)21135: القضاة،زكريا محمد ، مروان ابراهيم القيسي ، محمد العمري, author, دراسات في الثقافة الإسلامية